| 000 | 02149nam a2200481 4500 | ||
|---|---|---|---|
| 001 | 0000014003 | ||
| 003 | CO-CtgCURN | ||
| 005 | 20250728115606.0 | ||
| 008 | 160627s2005 000 0 eng d | ||
| 020 | _a9586907031 v.1 | ||
| 020 | _a9586907872 v.2 | ||
| 020 | _a9586907880 v.3 | ||
| 040 |
_aCO-CtgCURN _bspa _ccoctgcurn |
||
| 082 | 0 |
_a346.09 _bT866 |
|
| 100 | 1 | _aTrujillo Calle, Bernardo. | |
| 245 | 1 | 7 |
_aDe los titulos valores / _cBernardo Trujillo Calle. |
| 250 | _aDécimacuarta edición v.1. | ||
| 250 | _asexta edición v.2. | ||
| 250 | _aprimera edición v.3. | ||
| 260 |
_aBogotá : _bTemis, _c2005. |
||
| 300 | _a3 volúmenes. | ||
| 336 | _2rdacontent | ||
| 337 |
_2rdamedia _asin mediacion _bn |
||
| 338 |
_2rdacarrier _avolumen _bnc |
||
| 500 | _aBiblioteca tiene v.1: Parte general. | ||
| 505 | 8 | _av.1: Parte general. --v.2: Títulos de contenido crediticio: letras, pagarées, cheques, facturas cambiarias. C.D.T.-- v.3: Títulos representativos o de tradición: certificado de depósito, bono de prenda, conocimiento de embarque, carta de porte.t | |
| 650 | 0 | _aTitulos valores. | |
| 908 | _a160627 | ||
| 942 |
_cBK _h346.09 _iT866 _2ddc _n0 |
||
| 999 |
_c20338 _d20338 |
||